| 000 | 01009cam a2200313 i 4500 | ||
|---|---|---|---|
| 001 | 12566 | ||
| 003 | BD-RjUL | ||
| 005 | 20211208235322.0 | ||
| 008 | 140129r1981 enka b 000 0 eng | ||
| 020 |
_a0713126957 : _a0713126965 |
||
| 035 | _a(BD-RjUL)12615 | ||
| 040 |
_aDLC _cDLC _dDLC _dBD-RjUL _beng |
||
| 041 | _aeng | ||
| 082 | 0 | 0 |
_a581.310184 _bHUP 1981 |
| 100 | 1 |
_aHunt, Roderick, _d1945- _939142 |
|
| 245 | 1 | 0 |
_aPlant growth analysis / _cRoderick Hunt. |
| 260 |
_aLondon : _bE. Arnold, _cc1978 [Reprinted 1981]. |
||
| 300 |
_a67 p. : _bill. ; _c22 cm. |
||
| 490 | 1 | _aInstitute of Biology's studies in biology ; no. 96 | |
| 504 | _aBibliography: p. [64] | ||
| 650 | 0 |
_aGrowth (Plants) _xExperiments. _939143 |
|
| 650 | 0 |
_aGrowth (Plants) _xMathematical models. _939144 |
|
| 650 | 0 |
_aGrowth (Plants) _xMeasurement. _939145 |
|
| 830 | 0 |
_vno. 96. _939153 |
|
| 830 | 0 |
_aInstitute of Biology's studies in biology ; _939154 |
|
| 942 |
_2ddc _cBK |
||
| 999 |
_c12566 _d12566 |
||